[Event "Titled Tuesday intern op 24th Sep Late"]
[Site "Chess.com INT"]
[Date "2024.09.24"]
[Round "11"]
[White "Andreikin, Dmitry"]
[Black "Kramnik, Vladimir"]
[Result "1-0"]
[WhiteElo "2729"]
[BlackElo "2753"]
[PlyCount "71"]
[EventDate "2024.09.24"]
[EventType "swiss (blitz)"]
[EventRounds "11"]
[EventCountry "USA"]
[SourceTitle "EXT 2025"]
[Source "ChessBase"]
[SourceDate "2024.10.14"]
[SourceVersion "1"]
[SourceVersionDate "2024.10.14"]
[SourceQuality "1"]

1. Nf3 c5 2. d3 g6 3. e4 Bg7 4. g3 Nc6 5. Bg2 d6 6. 0-0 e5 7. c3 Nge7 8. a3 0-0 9. b4 b6 10. b5 Nb8 11. c4 a6 12. Nc3 axb5 13. cxb5 h6 14. Nd2 Be6 15. Nc4 Qc7 16. a4 Nd7 17. Bd2 Kh7 18. Qc2 f5 19. Nd5 Bxd5 20. exd5 Nf6 21. a5 bxa5 22. b6 Qb8 23. Rfb1 Nexd5 24. b7 Ra7 25. Nxa5 Qc7 26. Qb3 Nb4 27. Bxb4 cxb4 28. Qxb4 Rb8 29. Rc1 Qd7 30. Qb6 Rxa5 31. Rxa5 e4 32. Rc7 Qe6 33. Ra8 exd3 34. Rxb8 d2 35. Bf3 Qe1+ 36. Kg2 1-0

[Event "Titled Tuesday intern op 24th Sep Early"]
[Site "Chess.com INT"]
[Date "2024.09.24"]
[Round "4"]
[White "Kramnik, Vladimir"]
[Black "Puzyrevsky, Semen"]
[Result "1-0"]
[WhiteElo "2753"]
[BlackElo "2246"]
[PlyCount "65"]
[EventDate "2024.09.24"]
[EventType "swiss (blitz)"]
[EventRounds "11"]
[EventCountry "USA"]
[SourceTitle "EXT 2025"]
[Source "ChessBase"]
[SourceDate "2024.10.14"]
[SourceVersion "1"]
[SourceVersionDate "2024.10.14"]
[SourceQuality "1"]

1. e4 c5 2. Nf3 d6 3. d4 cxd4 4. Nxd4 Nf6 5. Nc3 Nc6 6. Bg5 e6 7. Qd2 a6 8. 0-0-0 Bd7 9. Kb1 Be7 10. f3 Qa5 11. h4 h6 12. Nb3 Qc7 13. Be3 h5 14. Bg5 Ne5 15. Be2 b5 16. a3 Nc4 17. Bxc4 bxc4 18. Nd4 Qb6 19. Ka1 Rb8 20. Rb1 0-0 21. Rhd1 Rfd8 22. Nde2 Bc6 23. Nf4 Qc5 24. Nxh5 d5 25. Bxf6 Bxf6 26. Nxf6+ gxf6 27. exd5 exd5 28. Qd4 Qd6 29. Ne4 Qe6 30. Nxf6+ Kg7 31. Nh5+ Kh6 32. Qg7+ Kxh5 33. Qg5# 1-0

[Event "Titled Tuesday intern op 10th Sep Early"]
[Site "Chess,com INT"]
[Date "2024.09.10"]
[Round "2"]
[White "Kramnik, Vladimir"]
[Black "Kejna, Piotr"]
[Result "1-0"]
[WhiteElo "2753"]
[BlackElo "2284"]
[PlyCount "99"]
[EventDate "2024.09.10"]
[EventType "swiss (blitz)"]
[EventRounds "11"]
[EventCountry "USA"]
[SourceTitle "EXT 2025"]
[Source "ChessBase"]
[SourceDate "2024.10.14"]
[SourceVersion "1"]
[SourceVersionDate "2024.10.14"]
[SourceQuality "1"]

1. e4 c5 2. Nf3 d6 3. Bb5+ Bd7 4. c4 Nf6 5. Nc3 g6 6. d4 cxd4 7. Nxd4 Bg7 8. 0-0 0-0 9. h3 a6 10. Bxd7 Nbxd7 11. b3 Qc7 12. Bb2 Nc5 13. Re1 Rfd8 14. Nd5 Nxd5 15. exd5 Rac8 16. Qe2 Re8 17. Rad1 Qa5 18. Ba1 Qc7 19. Qf3 Nd7 20. Qe2 Nc5 21. h4 h5 22. Nf3 Bxa1 23. Rxa1 Qd7 24. Ng5 Qf5 25. Rad1 Nd7 26. Rd3 Ne5 27. Re3 Rc7 28. g3 Qf6 29. Re4 Rd7 30. Kg2 Rc7 31. Rf4 Qg7 32. Rxf7 Nxf7 33. Ne6 Qe5 34. Nxc7 Rc8 35. Ne6 Qxe2 36. Rxe2 Ne5 37. Nd4 Kf7 38. Re4 Nd3 39. Re3 Nc1 40. a4 Na2 41. Rf3+ Kg8 42. Ne6 Rb8 43. Re3 b5 44. axb5 axb5 45. c5 dxc5 46. Nxc5 Nb4 47. Rxe7 Nxd5 48. Rd7 Nf6 49. Rd6 Kf7 50. Rxf6+ 1-0

[Event "Titled Tuesday intern op 10th Sep Early"]
[Site "Chess,com INT"]
[Date "2024.09.10"]
[Round "4"]
[White "Kramnik, Vladimir"]
[Black "Yeremyan, Alen"]
[Result "0-1"]
[WhiteElo "2753"]
[BlackElo "2268"]
[PlyCount "54"]
[EventDate "2024.09.10"]
[EventType "swiss (blitz)"]
[EventRounds "11"]
[EventCountry "USA"]
[SourceTitle "EXT 2025"]
[Source "ChessBase"]
[SourceDate "2024.10.14"]
[SourceVersion "1"]
[SourceVersionDate "2024.10.14"]
[SourceQuality "1"]

1. c4 Nf6 2. Nc3 g6 3. g3 Bg7 4. Bg2 0-0 5. Nf3 c6 6. d4 d5 7. cxd5 cxd5 8. Ne5 Nc6 9. Bf4 Qb6 10. Nxc6 bxc6 11. Qd2 Ne4 12. Nxe4 dxe4 13. Be3 Rd8 14. Rd1 Bf5 15. 0-0 Qa6 16. Qc2 Qxa2 17. Ra1 Qd5 18. Rfd1 a5 19. Ra3 c5 20. g4 Bxg4 21. Bxe4 Qe6 22. d5 Qd7 23. Bxc5 Rac8 24. Rxa5 Bh3 25. b4 Qg4+ 26. Kh1 Be5 27. Bf3 Qf4 0-1

[Event "Titled Tuesday intern op 10th Sep Early"]
[Site "Chess,com INT"]
[Date "2024.09.10"]
[Round "5"]
[White "Krsnik Cohar, Ivan Vihor"]
[Black "Kramnik, Vladimir"]
[Result "1-0"]
[WhiteElo "2331"]
[BlackElo "2753"]
[PlyCount "103"]
[EventDate "2024.09.10"]
[EventType "swiss (blitz)"]
[EventRounds "11"]
[EventCountry "USA"]
[SourceTitle "EXT 2025"]
[Source "ChessBase"]
[SourceDate "2024.10.14"]
[SourceVersion "1"]
[SourceVersionDate "2024.10.14"]
[SourceQuality "1"]

1. d4 d5 2. Bg5 f6 3. Bh4 h5 4. f3 Nc6 5. c3 e5 6. dxe5 Nxe5 7. Bf2 Be6 8. Nd2 Nh6 9. g3 Qd7 10. Bg2 0-0-0 11. Nb3 Nc4 12. Qc2 Nf5 13. Bh3 Kb8 14. Bxf5 Bxf5 15. e4 dxe4 16. Nd4 e3 17. Qxf5 exf2+ 18. Kxf2 Qxf5 19. Nxf5 Bc5+ 20. Kg2 Rd2+ 21. Kh3 g5 22. Re1 Ne5 23. Re2 g4+ 24. fxg4 hxg4+ 25. Kg2 Rhd8 26. h3 Bxg1 27. Rxd2 Rxd2+ 28. Kxg1 Rxb2 29. hxg4 b6 30. Rh8+ Kb7 31. Ne3 Rxa2 32. Rh7 Rd2 33. Re7 a5 34. c4 a4 35. Nd5 Rxd5 36. cxd5 a3 37. d6 a2 38. Rxc7+ Kb8 39. Rc1 b5 40. Ra1 Kc8 41. Rxa2 Kd7 42. Rb2 Kc6 43. Kg2 Nxg4 44. d7 Kxd7 45. Rxb5 Ke6 46. Kf3 Ne5+ 47. Ke4 Nd7 48. Ra5 Ke7 49. Ra7 Ke6 50. Ra6+ Kf7 51. Kf5 Ke7 52. Ra7 1-0

[Event "Titled Tuesday intern op 10th Sep Early"]
[Site "Chess,com INT"]
[Date "2024.09.10"]
[Round "1"]
[White "Shishkov, Andrei"]
[Black "Kramnik, Vladimir"]
[Result "0-1"]
[WhiteElo "2340"]
[BlackElo "2753"]
[PlyCount "108"]
[EventDate "2024.09.10"]
[EventType "swiss (blitz)"]
[EventRounds "11"]
[EventCountry "USA"]
[SourceTitle "EXT 2025"]
[Source "ChessBase"]
[SourceDate "2024.10.14"]
[SourceVersion "1"]
[SourceVersionDate "2024.10.14"]
[SourceQuality "1"]

1. d4 Nf6 2. c4 e6 3. Nc3 Bb4 4. Qc2 c5 5. dxc5 0-0 6. a3 Bxc5 7. Nf3 Be7 8. Bf4 Nh5 9. Bd2 d5 10. Rd1 Nc6 11. e3 Nf6 12. Be2 dxc4 13. Bxc4 Bd7 14. 0-0 Rc8 15. Be2 a6 16. Qb1 b5 17. Ne4 Nd5 18. Ng3 Qc7 19. Rc1 Qb8 20. Rfd1 h6 21. Be1 Rfd8 22. Nd4 Nxd4 23. Rxd4 Rxc1 24. Qxc1 Rc8 25. Qb1 Bc6 26. Bf3 Bf6 27. Rd1 Be5 28. h3 Bxg3 29. fxg3 Nxe3 30. Rd3 Bxf3 31. Rxe3 Bd5 32. Kh2 Qb7 33. Re2 Rc4 34. Bc3 Qc6 35. Qe1 f6 36. Rd2 Re4 37. Re2 e5 38. Rxe4 Bxe4 39. Qe2 Bd5 40. g4 Kf7 41. Qd2 Qc4 42. Qf2 Qe4 43. Qa7+ Kg6 44. Qf2 Bc6 45. Qd2 h5 46. gxh5+ Kxh5 47. Qf2 Kg6 48. Qd2 Kh7 49. Qf2 g5 50. Qd2 Kg6 51. Qf2 Qf4+ 52. Qxf4 gxf4 53. Kg1 Kf5 54. Kf2 e4 0-1

[Event "Titled Tuesday intern op 10th Sep Early"]
[Site "Chess,com INT"]
[Date "2024.09.10"]
[Round "3"]
[White "Williams, Simon Kim"]
[Black "Kramnik, Vladimir"]
[Result "0-1"]
[WhiteElo "2442"]
[BlackElo "2753"]
[PlyCount "70"]
[EventDate "2024.09.10"]
[EventType "swiss (blitz)"]
[EventRounds "11"]
[EventCountry "USA"]
[SourceTitle "EXT 2025"]
[Source "ChessBase"]
[SourceDate "2024.10.14"]
[SourceVersion "1"]
[SourceVersionDate "2024.10.14"]
[SourceQuality "1"]

1. d4 d5 2. c4 e6 3. Nc3 Nf6 4. Nf3 c6 5. g4 Nbd7 6. Qc2 dxc4 7. e4 b5 8. g5 Nh5 9. Be2 Bb7 10. Be3 Be7 11. Rg1 Qa5 12. Nd2 g6 13. Bxh5 gxh5 14. a4 0-0-0 15. Ke2 Qb6 16. axb5 cxb5 17. b3 a5 18. bxc4 b4 19. Nb5 e5 20. Nb3 exd4 21. Bxd4 Nc5 22. Bxh8 Bxe4 23. Qb2 Bd3+ 24. Ke1 Nxb3 25. Qe5 Nxa1 26. Qxe7 Nc2+ 27. Kd2 Bxc4+ 28. Kxc2 Qxb5 29. Bf6 Qa4+ 30. Kc1 Qa3+ 31. Bb2 Qd3 32. Qc5+ Kb7 33. Qxa5 Qd2+ 34. Kb1 Bd3+ 35. Ka1 Ra8 0-1

[Event "London Clash of Claims m"]
[Site "London"]
[Date "2024.08.21"]
[Round "36"]
[White "Martinez Alcantara, Jose Eduardo"]
[Black "Kramnik, Vladimir"]
[Result "0-1"]
[WhiteElo "2612"]
[BlackElo "2753"]
[PlyCount "106"]
[EventDate "2024.08.19"]
[EventType "match (blitz)"]
[EventRounds "36"]
[EventCountry "ENG"]
[SourceTitle "CBM 221 Extra"]
[Source "ChessBase"]
[SourceDate "2024.09.30"]
[SourceVersion "1"]
[SourceVersionDate "2024.09.30"]
[SourceQuality "1"]

1. e4 c5 2. Nc3 d6 3. d4 cxd4 4. Qxd4 Nc6 5. Qd1 g6 6. Nf3 Bg7 7. h3 Nf6 8. Bc4 0-0 9. 0-0 Na5 10. Bb3 b6 11. Re1 Nxb3 12. axb3 Bb7 13. Bg5 h6 14. Bf4 a6 15. Qd2 g5 16. Bg3 Rc8 17. Qd3 Nh5 18. Bh2 Qc7 19. Nd4 e6 20. Nde2 Be5 21. Qf3 Bxh2+ 22. Kxh2 d5+ 23. Kg1 Nf4 24. Nxf4 dxe4 25. Nxe4 Qxf4 26. Qxf4 gxf4 27. Nd6 Rc7 28. Nxb7 Rxb7 29. Rxa6 Rc8 30. c3 Rc5 31. Rd1 Kg7 32. Kf1 e5 33. b4 Rc6 34. Ke2 e4 35. Rd5 Kg6 36. Ra8 Re6 37. Rg8+ Kh7 38. Rg4 Rf6 39. Re5 f3+ 40. Kf1 Ra7 41. Rgxe4 Ra2 42. gxf3 Rxb2 43. Kg2 Rc2 44. c4 Rg6+ 45. Kf1 Rc1+ 46. Ke2 Rgg1 47. Ke3 Rgf1 48. Rb5 Rc3+ 49. Ke2 Rb1 50. Rxb6 Rb2+ 51. Kf1 Rcc2 52. Rb7 Rxf2+ 53. Ke1 Rh2 0-1

[Event "London Clash of Claims m"]
[Site "London"]
[Date "2024.08.20"]
[Round "14"]
[White "Martinez Alcantara, Jose Eduardo"]
[Black "Kramnik, Vladimir"]
[Result "1/2-1/2"]
[WhiteElo "2612"]
[BlackElo "2753"]
[PlyCount "104"]
[EventDate "2024.08.19"]
[EventType "match (blitz)"]
[EventRounds "36"]
[EventCountry "ENG"]
[SourceTitle "CBM 221 Extra"]
[Source "ChessBase"]
[SourceDate "2024.09.30"]
[SourceVersion "1"]
[SourceVersionDate "2024.09.30"]
[SourceQuality "1"]

1. e4 c5 2. Nf3 d6 3. Bc4 Nf6 4. d3 Nc6 5. c3 g6 6. 0-0 Bg7 7. h3 0-0 8. Bb3 Rb8 9. Re1 b5 10. d4 b4 11. e5 dxe5 12. dxe5 Qxd1 13. Rxd1 Ne8 14. Bf4 Be6 15. Nbd2 bxc3 16. bxc3 Nc7 17. Rac1 Na5 18. c4 h6 19. Be3 Na6 20. Ba4 Rfc8 21. Bb5 Nb4 22. Ne4 Nxa2 23. Ra1 Nxc4 24. Bd7 Nxe3 25. fxe3 Bxd7 26. Rxd7 Nb4 27. Raxa7 Nc6 28. Rac7 c4 29. Kf2 Nxe5 30. Rxe7 Nxf3 31. Kxf3 Rxc7 32. Rxc7 Be5 33. Rxc4 Kg7 34. Rc5 Re8 35. Rb5 Re7 36. g4 Ba1 37. Ra5 Be5 38. h4 f6 39. Rb5 h5 40. gxh5 gxh5 41. Rb1 Rc7 42. Rg1+ Kf7 43. Rd1 Rc4 44. Rd5 Kg6 45. Ra5 Rb4 46. Rc5 Rb2 47. Nf2 Rb3 48. Rc4 Ra3 49. Rb4 Bd6 50. Rc4 Be5 51. Re4 Bd6 52. Rc4 Be5 1/2-1/2

[Event "London Clash of Claims m"]
[Site "London"]
[Date "2024.08.20"]
[Round "22"]
[White "Martinez Alcantara, Jose Eduardo"]
[Black "Kramnik, Vladimir"]
[Result "1/2-1/2"]
[WhiteElo "2612"]
[BlackElo "2753"]
[PlyCount "119"]
[EventDate "2024.08.19"]
[EventType "match (blitz)"]
[EventRounds "36"]
[EventCountry "ENG"]
[SourceTitle "CBM 221 Extra"]
[Source "ChessBase"]
[SourceDate "2024.09.30"]
[SourceVersion "1"]
[SourceVersionDate "2024.09.30"]
[SourceQuality "1"]

1. e4 c5 2. Nf3 d6 3. c3 Nf6 4. Be2 g6 5. 0-0 Bg7 6. d3 0-0 7. Be3 Nc6 8. Nbd2 e5 9. a3 h6 10. h3 Nh5 11. b4 b6 12. b5 Ne7 13. d4 exd4 14. cxd4 f5 15. dxc5 dxc5 16. Qb3+ Kh7 17. Rad1 Qc7 18. exf5 Nxf5 19. Nc4 Be6 20. Bd3 Nxe3 21. fxe3 Qg3 22. Qc2 Rad8 23. Ncd2 Nf6 24. Rf2 Kg8 25. Nf1 Qd6 26. Rfd2 Qc7 27. Bxg6 Rxd2 28. Rxd2 Qe7 29. e4 Rd8 30. Re2 c4 31. Bf5 Qc5+ 32. Kh1 Bxf5 33. exf5 Qxb5 34. Rd2 Rxd2 35. N1xd2 Kh7 36. Nxc4 Qc5 37. Qd3 b5 38. Nce5 a5 39. g4 b4 40. axb4 axb4 41. g5 Qc1+ 42. Kg2 hxg5 43. Ng4 Qb2+ 44. Kf1 Qc1+ 45. Kg2 Qb2+ 46. Nf2 Bh6 47. Qc4 Qc3 48. Qf7+ Bg7 49. Nxg5+ Kh8 50. Qg6 Qc6+ 51. Nge4 b3 52. Kh2 Qc7+ 53. Kg2 b2 54. Nxf6 Bxf6 55. Qe8+ Kh7 56. Qg6+ Kh8 57. Qe8+ Kh7 58. Qg6+ Kh8 59. Qe8+ Kh7 60. Qg6+ 1/2-1/2

[Event "London Clash of Claims m"]
[Site "London"]
[Date "2024.08.20"]
[Round "24"]
[White "Martinez Alcantara, Jose Eduardo"]
[Black "Kramnik, Vladimir"]
[Result "1-0"]
[WhiteElo "2612"]
[BlackElo "2753"]
[PlyCount "149"]
[EventDate "2024.08.19"]
[EventType "match (blitz)"]
[EventRounds "36"]
[EventCountry "ENG"]
[SourceTitle "CBM 221 Extra"]
[Source "ChessBase"]
[SourceDate "2024.09.30"]
[SourceVersion "1"]
[SourceVersionDate "2024.09.30"]
[SourceQuality "1"]

1. e4 c5 2. Nf3 d6 3. c3 Nf6 4. Be2 g6 5. 0-0 Bg7 6. d3 0-0 7. Be3 Nc6 8. Nbd2 e5 9. h3 Ne8 10. Nc4 b5 11. Na3 Rb8 12. Nc2 b4 13. d4 bxc3 14. bxc3 exd4 15. cxd4 Nf6 16. Nd2 Re8 17. dxc5 d5 18. Bf4 Rb2 19. Rc1 Rxa2 20. Bd6 Nxe4 21. Nxe4 dxe4 22. Bb5 Bd7 23. Bxc6 Bxc6 24. Nb4 Ba4 25. Qg4 Rd2 26. Qf4 Rd4 27. Nc2 Bxc2 28. Rxc2 e3 29. Qf3 exf2+ 30. Rcxf2 f5 31. Re2 Rde4 32. Rxe4 fxe4 33. Qb3+ Kh8 34. Qe3 Qd7 35. Kh1 h6 36. Rd1 a5 37. Rd2 Qc6 38. Qg3 Kh7 39. Rf2 e3 40. Re2 Qe4 41. Bf4 a4 42. Rxe3 Qb1+ 43. Kh2 Rxe3 44. Qxe3 Qc2 45. Be5 Bxe5+ 46. Qxe5 a3 47. Qc7+ Kg8 48. Qb8+ Kf7 49. Qa7+ Ke6 50. Qxa3 Kd5 51. Qa8+ Kc4 52. Qa6+ Kb4 53. Qb6+ Kc4 54. Qd6 Kb5 55. Qb6+ Kc4 56. c6 Qf5 57. Qe3 Kb5 58. c7 Kc6 59. Qc3+ Kb7 60. Qc4 Kc8 61. Kg1 h5 62. Qc6 Qb1+ 63. Kh2 Qf5 64. Qd6 Kb7 65. h4 Qg4 66. Kg1 Qxh4 67. Qe5 Qc4 68. Qf6 Qxc7 69. Qxg6 Qb6+ 70. Qxb6+ Kxb6 71. Kh2 Kc5 72. Kh3 Kd4 73. Kh4 Ke5 74. Kxh5 Kf4 75. g4 1-0

[Event "London Clash of Claims m"]
[Site "London"]
[Date "2024.08.19"]
[Round "3"]
[White "Kramnik, Vladimir"]
[Black "Martinez Alcantara, Jose Eduardo"]
[Result "1/2-1/2"]
[WhiteElo "2753"]
[BlackElo "2612"]
[PlyCount "106"]
[EventDate "2024.08.19"]
[EventType "match (blitz)"]
[EventRounds "36"]
[EventCountry "ENG"]
[SourceTitle "CBM 221 Extra"]
[Source "ChessBase"]
[SourceDate "2024.09.30"]
[SourceVersion "1"]
[SourceVersionDate "2024.09.30"]
[SourceQuality "1"]

1. e4 e5 2. Nf3 Nc6 3. Bc4 Bc5 4. c3 Nf6 5. d3 d6 6. 0-0 Bb6 7. a4 h6 8. Nbd2 0-0 9. Bb3 a6 10. Re1 Be6 11. Bxe6 fxe6 12. Nc4 Ba7 13. Be3 Bxe3 14. Nxe3 Qd7 15. b4 Ne7 16. g3 Kh8 17. Kg2 Rf7 18. Ra2 Raf8 19. Ng1 d5 20. f3 Ng6 21. Rd2 Rd8 22. Ree2 d4 23. cxd4 exd4 24. Nc4 e5 25. Rf2 Rdf8 26. Nh3 Qe6 27. b5 Nd7 28. Rb2 Nc5 29. b6 c6 30. Na5 Rb8 31. Qc2 Nd7 32. Rb1 Rf6 33. Nc4 Rbf8 34. Ng1 Ne7 35. Qb3 c5 36. Na5 Qxb3 37. Rxb3 Nxb6 38. Rc2 Nxa4 39. Rxb7 Nc6 40. Nxc6 Rxc6 41. Re7 c4 42. Rxc4 Rxc4 43. dxc4 Rd8 44. Nh3 d3 45. Nf2 d2 46. Nd1 Rd4 47. Rxe5 Rxc4 48. Rd5 Rc2 49. Kh3 Nc5 50. Ne3 Rc3 51. Nd1 Rc2 52. Ne3 Rc3 53. Nd1 Rc2 1/2-1/2

[Event "London Clash of Claims m"]
[Site "London"]
[Date "2024.08.19"]
[Round "5"]
[White "Kramnik, Vladimir"]
[Black "Martinez Alcantara, Jose Eduardo"]
[Result "0-1"]
[WhiteElo "2753"]
[BlackElo "2612"]
[PlyCount "72"]
[EventDate "2024.08.19"]
[EventType "match (blitz)"]
[EventRounds "36"]
[EventCountry "ENG"]
[SourceTitle "CBM 221 Extra"]
[Source "ChessBase"]
[SourceDate "2024.09.30"]
[SourceVersion "1"]
[SourceVersionDate "2024.09.30"]
[SourceQuality "1"]

1. e4 e5 2. Nf3 Nc6 3. Bc4 Bc5 4. c3 Nf6 5. d3 d6 6. 0-0 Bb6 7. Nbd2 0-0 8. Bb3 a6 9. Nc4 Ba7 10. Bg5 h6 11. Bh4 Be6 12. Ne3 Kh8 13. Nd5 Bxd5 14. exd5 Nb8 15. d4 Nbd7 16. Bc2 Re8 17. Re1 exd4 18. cxd4 Rxe1+ 19. Qxe1 Qe8 20. Qb4 Rb8 21. Re1 Qf8 22. Bb3 g5 23. Bg3 Nh5 24. Qc3 Bb6 25. Bc2 Ndf6 26. Qd3 Re8 27. Be5 dxe5 28. dxe5 Qc5 29. Rf1 Qxd5 30. Qf5 g4 31. Bb3 Qe4 32. Qxe4 Nxe4 33. Bxf7 Re7 34. Bxh5 gxf3 35. Bxf3 Rxe5 36. g3 Nd2 0-1

[Event "London Clash of Claims m"]
[Site "London"]
[Date "2024.08.19"]
[Round "4"]
[White "Martinez Alcantara, Jose Eduardo"]
[Black "Kramnik, Vladimir"]
[Result "1-0"]
[WhiteElo "2612"]
[BlackElo "2753"]
[PlyCount "73"]
[EventDate "2024.08.19"]
[EventType "match (blitz)"]
[EventRounds "36"]
[EventCountry "ENG"]
[SourceTitle "CBM 221 Extra"]
[Source "ChessBase"]
[SourceDate "2024.09.30"]
[SourceVersion "1"]
[SourceVersionDate "2024.09.30"]
[SourceQuality "1"]

1. e4 c5 2. Nf3 d6 3. c3 Nf6 4. Be2 g6 5. 0-0 Bg7 6. d3 0-0 7. Be3 b6 8. Nbd2 Bb7 9. Re1 Nbd7 10. h3 Qc7 11. Rc1 d5 12. Bg5 dxe4 13. Nxe4 Nxe4 14. dxe4 Ne5 15. Qc2 Rad8 16. Rcd1 h6 17. Be3 g5 18. Nd2 Ng6 19. Nf1 Be5 20. Bg4 Kg7 21. Bc1 e6 22. Rxd8 Rxd8 23. g3 Qc6 24. Bf3 f5 25. Qe2 f4 26. Bh5 fxg3 27. fxg3 Qd6 28. Qg2 Ba6 29. h4 Qe7 30. Nh2 Rf8 31. Nf3 g4 32. Bxg4 Kh7 33. h5 Nf4 34. gxf4 Bxf4 35. Bf5+ exf5 36. Qg6+ Kh8 37. Bxf4 1-0

[Event "London Clash of Claims m"]
[Site "London"]
[Date "2024.08.19"]
[Round "6"]
[White "Martinez Alcantara, Jose Eduardo"]
[Black "Kramnik, Vladimir"]
[Result "0-1"]
[WhiteElo "2612"]
[BlackElo "2753"]
[PlyCount "122"]
[EventDate "2024.08.19"]
[EventType "match (blitz)"]
[EventRounds "36"]
[EventCountry "ENG"]
[SourceTitle "CBM 221 Extra"]
[Source "ChessBase"]
[SourceDate "2024.09.30"]
[SourceVersion "1"]
[SourceVersionDate "2024.09.30"]
[SourceQuality "1"]

1. e4 c5 2. Nf3 d6 3. c3 Nf6 4. Be2 g6 5. 0-0 Bg7 6. d3 0-0 7. Be3 b6 8. Nbd2 Bb7 9. Qb1 Nbd7 10. h3 Qc7 11. d4 e6 12. Bd3 a6 13. a4 Bc6 14. b4 c4 15. Bc2 b5 16. a5 e5 17. Re1 Rae8 18. d5 Bxd5 19. exd5 Nxd5 20. Ra3 f5 21. Nf1 e4 22. Nd4 Ne5 23. Nd2 Nd3 24. Bxd3 cxd3 25. Nf1 Qf7 26. Bd2 f4 27. f3 Bxd4+ 28. cxd4 e3 29. Rxd3 exd2 30. Re4 Rc8 31. Nxd2 Nc3 32. Qb2 Nxe4 33. Nxe4 d5 34. Nd6 Qe6 35. Nxc8 Qe1+ 36. Kh2 Rxc8 37. Qd2 Qxd2 38. Rxd2 Rc4 39. g3 Rxb4 40. gxf4 Rc4 41. Kg3 Kf7 42. f5 gxf5 43. Kf4 Kf6 44. Ke3 b4 45. h4 Rc3+ 46. Kf4 b3 47. Rb2 Rd3 48. Kg3 h6 49. Rb1 h5 50. Rb2 f4+ 51. Kxf4 Rxd4+ 52. Ke3 Rb4 53. Kd3 Kf5 54. Kc3 Rb5 55. Rb1 b2 56. Rxb2 Rxb2 57. Kxb2 Kf4 58. Kc3 Ke3 59. f4 d4+ 60. Kc4 d3 61. f5 d2 0-1

[Event "London Clash of Claims m"]
[Site "London"]
[Date "2024.08.19"]
[Round "10"]
[White "Martinez Alcantara, Jose Eduardo"]
[Black "Kramnik, Vladimir"]
[Result "0-1"]
[WhiteElo "2612"]
[BlackElo "2753"]
[PlyCount "171"]
[EventDate "2024.08.19"]
[EventType "match (blitz)"]
[EventRounds "36"]
[EventCountry "ENG"]
[SourceTitle "CBM 221 Extra"]
[Source "ChessBase"]
[SourceDate "2024.09.30"]
[SourceVersion "1"]
[SourceVersionDate "2024.09.30"]
[SourceQuality "1"]

1. e4 c5 2. Nf3 d6 3. c3 Nf6 4. Be2 g6 5. 0-0 Bg7 6. d3 0-0 7. Be3 b6 8. Nbd2 Bb7 9. Qb1 Nc6 10. h3 e5 11. b4 cxb4 12. cxb4 d5 13. b5 Na5 14. Qb4 Re8 15. Bg5 h6 16. Bh4 g5 17. Bg3 Nh5 18. Rad1 Nf4 19. Bxf4 exf4 20. e5 Qe7 21. a3 Rac8 22. Rfe1 Bf8 23. Rb1 Qc7 24. Qb2 Qc3 25. a4 Qxb2 26. Rxb2 Rc3 27. Bf1 Bc8 28. Nb1 Rc7 29. Nd4 Bg7 30. Nf3 Bf5 31. d4 Rec8 32. Nbd2 Rc2 33. Rxc2 Rxc2 34. Rd1 Bf8 35. Ne1 Rc3 36. Ndf3 Be4 37. Bd3 Nb3 38. Kf1 Nc1 39. Be2 Nxe2 40. Kxe2 Rc4 41. Ra1 Rb4 42. Ra2 Bb1 43. Rd2 Rxa4 44. Nd3 Ba2 45. Nb2 Ra5 46. Rc2 Rxb5 47. Nd2 a5 48. Nd3 Bb1 49. Rc8 Bxd3+ 50. Kxd3 Kg7 51. Rc7 Kg8 52. Ra7 Rb2 53. Ra8 Kg7 54. Ra7 Bb4 55. Nf3 Kg6 56. Ra6 Rxf2 57. Rxb6+ Kg7 58. e6 fxe6 59. Rxe6 Rxg2 60. Ra6 Rg3 61. Ke2 Rxh3 62. Ne5 Re3+ 63. Kf2 Be1+ 64. Kf1 Bc3 65. Ra7+ Kf8 66. Ra8+ Ke7 67. Ra6 f3 68. Kf2 Re4 69. Kxf3 Bxd4 70. Nc6+ Kd7 71. Nxa5 Rf4+ 72. Kg2 h5 73. Nc6 Bf6 74. Na5 h4 75. Nb3 Be7 76. Ra7+ Ke6 77. Ra6+ Kf7 78. Nc1 g4 79. Nd3 Re4 80. Ra7 h3+ 81. Kg3 Ke6 82. Nf2 Bd6+ 83. Kh4 h2 84. Ra1 g3+ 85. Nxe4 g2 86. Ng5+ 0-1

[Event "CrunchLab Masters Div 2 L"]
[Site "Chess.com INT"]
[Date "2024.07.21"]
[Round "3.2"]
[White "Karthikeyan, Murali"]
[Black "Kramnik, Vladimir"]
[Result "0-1"]
[WhiteElo "2627"]
[BlackElo "2753"]
[PlyCount "112"]
[EventDate "2024.07.20"]
[EventType "k.o. (rapid)"]
[EventRounds "6"]
[EventCountry "USA"]
[SourceTitle "CBM 221 Extra"]
[Source "ChessBase"]
[SourceDate "2024.09.30"]
[SourceVersion "1"]
[SourceVersionDate "2024.09.30"]
[SourceQuality "1"]

1. Nf3 Nf6 2. b3 c5 3. Bb2 b6 4. g3 Bb7 5. Bg2 e6 6. 0-0 Be7 7. d3 0-0 8. Nbd2 Nc6 9. e4 d5 10. Re1 Qc7 11. exd5 exd5 12. Ne5 Rfe8 13. Nxc6 Bxc6 14. Be5 Qb7 15. c4 Rad8 16. Qc2 Nd7 17. Bf4 Nf8 18. Nf1 Bf6 19. Rad1 Ne6 20. Be3 h5 21. h4 g6 22. Nh2 Ng7 23. cxd5 Bxd5 24. Be4 Bxe4 25. dxe4 Rxd1 26. Rxd1 Qxe4 27. Qxe4 Rxe4 28. Nf3 Nf5 29. Bf4 Re2 30. a4 Nd4 31. Kg2 Rb2 32. Be3 Nxf3 33. Kxf3 Rxb3 34. Rd7 a5 35. Ke2 Kg7 36. Rd6 Rb4 37. Bd2 Rb2 38. Kf3 Bd4 39. Be3 Rb3 40. Kg2 Bxe3 41. fxe3 Kf8 42. Kf3 Ke7 43. Rc6 Rb4 44. e4 f6 45. Kf4 c4 46. Ke3 Rxa4 47. Rxb6 Ra3+ 48. Kf4 a4 49. Rb4 c3 50. Rc4 Kd6 51. Ke3 c2+ 52. Kd2 Rxg3 53. Rxa4 Rg2+ 54. Kc1 Ke5 55. Ra6 g5 56. hxg5 fxg5 0-1

[Event "CrunchLab Masters Div 2 L"]
[Site "Chess.com INT"]
[Date "2024.07.21"]
[Round "2.3"]
[White "Kramnik, Vladimir"]
[Black "Aronian, Levon"]
[Result "1-0"]
[WhiteElo "2753"]
[BlackElo "2729"]
[PlyCount "135"]
[EventDate "2024.07.20"]
[EventType "k.o. (rapid)"]
[EventRounds "6"]
[EventCountry "USA"]
[SourceTitle "CBM 221 Extra"]
[Source "ChessBase"]
[SourceDate "2024.09.30"]
[SourceVersion "1"]
[SourceVersionDate "2024.09.30"]
[SourceQuality "1"]

1. Nf3 d5 2. g3 g6 3. Bg2 Bg7 4. 0-0 Nf6 5. d3 0-0 6. Nbd2 Nc6 7. e4 e5 8. c3 a5 9. a4 h6 10. Re1 Re8 11. Qc2 Be6 12. exd5 Bxd5 13. b3 Qd7 14. Bb2 Rad8 15. Rad1 Nh7 16. h4 f5 17. Qb1 Qf7 18. c4 Bxf3 19. Bxf3 Nb4 20. Nf1 c6 21. Bg2 g5 22. Nh2 gxh4 23. gxh4 Nf6 24. Bxe5 Nh5 25. d4 Bxe5 26. Rxe5 Rxe5 27. dxe5 Rxd1+ 28. Qxd1 Nf4 29. Bf1 Qg7+ 30. Kh1 Qxe5 31. Qd8+ Kg7 32. Qd7+ Kg6 33. h5+ Kf6 34. Qh7 Qe4+ 35. Kg1 Nc2 36. Qxh6+ Kf7 37. Qh7+ Kf8 38. Qh8+ Kf7 39. h6 Nd4 40. Qg7+ Ke6 41. h7 Nde2+ 42. Bxe2 Nxe2+ 43. Kf1 Nf4 44. Qh6+ Kd7 45. Qxf4 Qxf4 46. h8Q Qe4 47. Qh3 Kd6 48. Kg1 Qe1+ 49. Kg2 Qe4+ 50. Qf3 Qe5 51. Qd3+ Kc5 52. Nf3 Qg7+ 53. Kf1 Kb4 54. Nd2 Qa1+ 55. Ke2 Qe5+ 56. Qe3 Qb2 57. Qe7+ c5 58. Qxb7+ Ka3 59. Qd5 f4 60. Qxc5+ Ka2 61. Qd5 f3+ 62. Qxf3 Qe5+ 63. Qe3 Qh5+ 64. Nf3 Qf5 65. Qd2+ Ka3 66. Qd3 Qe6+ 67. Qe3 Qf5 68. Qc1+ 1-0